| 000 | 00000nas 2200000za 4500 |
| 001 | 9.505128 |
| 003 | CaOODSP |
| 005 | 20230424140844 |
| 007 | cr ||||||||||| |
| 008 | 150406d20052007xxc|| p o||||f| |0eng|d |
| 022 | |a1718-4886 |
| 040 | |aCaOODSP|beng |
| 043 | |an-cn--- |
| 086 | 1 |aP12-13E-PDF |
| 110 | 1 |aCanada. |bPublic Works and Government Services Canada, |eauthor, |eissuing body. |
| 245 | 14|aThe Way Forward news |h[electronic resource] |
| 260 | |aOttawa - Ontario : |bPublic Works and Government Services Canada |
| 310 | |aIrregular |
| 362 | 1 |aBegan with Issue 1, Fall 2005; ceased with Issue 8, Summer 2007. |
| 500 | |aThe ISSN (1718-4908) of the bilingual print edition has been incorrectly copied in the PDF edition. |
| 520 | 3 |aThis newsletter informs federal government departments and agencies about changes and progress being made to procurement and other services provided by the department. It discusses government procurement and operations in terms of cost savings and procedural effectiveness and efficiency. Subjects include tips for government buyers, saving on energy costs, and improving how government real estate is managed. |
| 775 | 08|tNouvelles sur Les prochaines étapes |w(CaOODSP)9.501527 |
| 776 | 0#|tNouvelles sur Les prochaines étapes |w(CaOODSP)9.511261 |
| 776 | 0#|tThe Way Forward news |w(CaOODSP)9.511260 |